[Event "SR 1. liga zapad 2010/2011"]
[Site "?"]
[Date "2011.04.09"]
[Round "10.3"]
[White "Banas, Jan"]
[Black "Vojtek, Vladimir"]
[Result "1-0"]
[WhiteElo "2306"]
[BlackElo "2295"]
[PlyCount "89"]
[EventDate "2010.??.??"]

1. c4 e5 2. Nc3 Nf6 3. Nf3 Nc6 4. a3 d5 5. cxd5 Nxd5 6. Qc2 Be7 7. e3 O-O 8.
Be2 Kh8 9. d3 f5 10. O-O Be6 11. Na4 Qd6 12. b4 Rae8 13. Bb2 Bf6 14. Rac1 e4
15. dxe4 fxe4 16. Nd2 Bf5 17. Nc4 Qe7 18. b5 Nd8 19. Rfd1 Bxb2 20. Ncxb2 Nf6
21. Qc5 Bg4 22. Qxe7 Rxe7 23. Bxg4 Nxg4 24. Rc2 Nf7 25. h3 Nf6 26. Nc5 Nd6 27.
a4 Kg8 28. Nc4 Rc8 29. Nb3 Nde8 30. Nba5 c6 31. Na3 c5 32. Rcd2 Kf7 33. N3c4
Rcc7 34. Rd8 Ke6 35. Ra8 b6 36. Nc6 Red7 37. Rxd7 Rxd7 38. Rxa7 Rd1+ 39. Kh2
Nd7 40. Rb7 Nd6 41. Nxd6 Kxd6 42. Nb8 Nxb8 43. Rxb8 Kc7 44. Re8 Kd6 45. Rd8+
1-0

[Event "SR 1. liga zapad 2010/2011"]
[Site "?"]
[Date "2011.04.09"]
[Round "10.3"]
[White "Gorusa, Miroslav"]
[Black "Podoba, Milan"]
[Result "1-0"]
[WhiteElo "2136"]
[BlackElo "2167"]
[PlyCount "141"]
[EventDate "2010.??.??"]

1. d4 d5 2. c4 c6 3. Nc3 Nf6 4. Nf3 e6 5. e3 Nbd7 6. Qc2 Bd6 7. b3 O-O 8. Bb2
Re8 9. Bd3 h6 10. O-O dxc4 11. bxc4 e5 12. Rfd1 Qe7 13. Bf1 exd4 14. exd4 Nf8
15. Re1 Qd8 16. Rxe8 Qxe8 17. h3 Ng6 18. Re1 Qf8 19. Ne5 Bxe5 20. dxe5 Nd7 21.
e6 Nc5 22. Ba3 b6 23. Na4 Bxe6 24. Rxe6 fxe6 25. Qxg6 Qf5 26. Qxf5 exf5 27.
Nxc5 bxc5 28. Bxc5 Re8 29. a3 Re5 30. Bb4 g6 31. Bc3 Re7 32. Bd3 Kf7 33. g4
fxg4 34. hxg4 Rd7 35. Bc2 Re7 36. Kg2 Re2 37. Bb3 c5 38. Kf3 Re6 39. Bc2 Ra6
40. a4 Re6 41. a5 Re8 42. Bd2 h5 43. gxh5 gxh5 44. Be3 Rc8 45. Be4 Kf6 46. Kf4
Rc7 47. Bf3 Kg6 48. Ke5 h4 49. Kd6 Rf7 50. Be4+ Kh5 51. Ke6 Rc7 52. Bf3+ Kg6
53. Kd6 Rf7 54. Bd5 Rf6+ 55. Kxc5 h3 56. Kd4 h2 57. c5 Rf8 58. Be4+ Kf6 59. c6
Rd8+ 60. Kc5 Ke5 61. Bh1 Rd3 62. Kc4 Rd8 63. Bxa7 Rd1 64. Bb8+ Ke6 65. Bxh2
Rxh1 66. Bg3 Rb1 67. a6 Rb6 68. a7 Ra6 69. Bb8 Ke7 70. Kb5 Ra2 71. f4 1-0

[Event "SR 1. liga zapad 2010/2011"]
[Site "?"]
[Date "2011.04.09"]
[Round "10.3"]
[White "Justus, Ivan"]
[Black "Bombek, Peter"]
[Result "1-0"]
[WhiteElo "2191"]
[BlackElo "2228"]
[PlyCount "81"]
[EventDate "2010.??.??"]

1. e4 e6 2. d4 d5 3. Nc3 Nf6 4. e5 Nfd7 5. f4 c5 6. Nf3 Nc6 7. Be3 a6 8. Qd2 b5
9. a3 Qb6 10. Ne2 Qc7 11. g4 h5 12. gxh5 Rxh5 13. c3 cxd4 14. Nfxd4 Be7 15. Rg1
g6 16. Rxg6 Rxh2 17. Rg8+ Nf8 18. Nxc6 Qxc6 19. Nd4 Bh4+ 20. Bf2 Bxf2+ 21. Qxf2
Rxf2 22. Nxc6 Rxf4 23. Bd3 Bb7 24. Nd4 Ke7 25. a4 b4 26. Ke2 bxc3 27. bxc3 Rc8
28. Ke3 Rh4 29. Rb1 Rc7 30. Rb6 Rh3+ 31. Kd2 Rh2+ 32. Kd1 Rh3 33. Kd2 Rh2+ 34.
Kd1 Rh3 35. Bxa6 Bxa6 36. Nc6+ Rxc6 37. Rxc6 Bd3 38. Rc8 Be4 39. Rgxf8 Rd3+ 40.
Ke2 Bf5 41. Rcd8 1-0

[Event "SR 1. liga zapad 2010/2011"]
[Site "?"]
[Date "2011.04.09"]
[Round "10.3"]
[White "Kovacik, Emil"]
[Black "Ondrus, Martin"]
[Result "1-0"]
[WhiteElo "2232"]
[BlackElo "2284"]
[PlyCount "51"]
[EventDate "2010.??.??"]

1. e4 c5 2. Nc3 a6 3. g3 b5 4. Bg2 Bb7 5. Nh3 e6 6. O-O b4 7. Ne2 Nf6 8. d3 d5
9. e5 Nfd7 10. f4 Be7 11. c3 a5 12. f5 Nxe5 13. fxe6 O-O 14. Nef4 fxe6 15. Re1
Qd6 16. d4 cxd4 17. cxd4 Nc4 18. Nxe6 Rf7 19. Nc5 Bc6 20. b3 Nb6 21. Re6 Qd8
22. Bf4 Rf6 23. Be5 Rxe6 24. Nxe6 Qc8 25. Nxg7 N8d7 26. Nf5 1-0

[Event "SR 1. liga zapad 2010/2011"]
[Site "?"]
[Date "2011.04.09"]
[Round "10.3"]
[White "Orgon, Dusan"]
[Black "Dlhy, Jozef"]
[Result "0-1"]
[WhiteElo "2086"]
[BlackElo "2075"]
[PlyCount "108"]
[EventDate "2010.??.??"]

1. d4 Nf6 2. Bg5 Ne4 3. Bf4 d5 4. Nd2 Bf5 5. e3 Nxd2 6. Qxd2 e6 7. c4 Be7 8.
Nf3 Nd7 9. Be2 O-O 10. O-O c6 11. Ne5 Nxe5 12. Bxe5 Bd6 13. Bxd6 Qxd6 14. c5
Qc7 15. b4 a6 16. a4 e5 17. Ra3 Rfe8 18. Rfa1 Bd7 19. b5 axb5 20. axb5 Rxa3 21.
Rxa3 cxb5 22. Bf3 e4 23. Be2 b6 24. Qb4 bxc5 25. dxc5 Qb7 26. g3 h6 27. Bd1 Ra8
28. Bb3 Bc6 29. Ra5 Rxa5 30. Qxa5 Qd7 31. Qb6 Kh7 32. h4 g6 33. Qb8 Kg7 34.
Qe5+ Kg8 35. h5 gxh5 36. Qxh5 Qe6 37. Qh4 Kg7 38. Qh5 Kf8 39. Kf1 Kg7 40. Ke1
b4 41. Qd1 Qe5 42. Qd2 Qa1+ 43. Qd1 Qxd1+ 44. Kxd1 Kf6 45. Kd2 Ke5 46. Bd1 d4
47. Bh5 f6 48. Bf7 d3 49. Bc4 Bd5 50. Ba6 Ke6 51. Bb5 Ke7 52. Ba4 Kd8 53. f3
exf3 54. Kxd3 Bc4+ 0-1

[Event "SR 1. liga zapad 2010/2011"]
[Site "?"]
[Date "2011.04.09"]
[Round "10.3"]
[White "Solik, Rudolf"]
[Black "Pereszlenyi, Gejza"]
[Result "1/2-1/2"]
[WhiteElo "1892"]
[BlackElo "2022"]
[PlyCount "120"]
[EventDate "2010.??.??"]

1. e4 e5 2. Nf3 Nc6 3. Bb5 f5 4. Nc3 fxe4 5. Nxe4 d5 6. Ng3 Bg4 7. h3 Bxf3 8.
Qxf3 Nf6 9. O-O Bd6 10. Nh5 e4 11. Nxf6+ Qxf6 12. Qxf6 gxf6 13. Re1 O-O-O 14.
Bxc6 bxc6 15. d3 Be5 16. dxe4 dxe4 17. c3 Rd3 18. Kf1 f5 19. Bg5 Rg8 20. h4 Rg6
21. f3 Bg3 22. Red1 Rgd6 23. Ke2 h6 24. Be3 Bxh4 25. Bxa7 Bg5 26. Rxd3 exd3+
27. Kf2 Re6 28. Rd1 Re2+ 29. Kf1 Rxb2 30. Rxd3 Rxa2 31. Be3 f4 32. Bd2 Ra4 33.
Kg1 Bh4 34. Kf1 Bg3 35. Rd4 Rxd4 36. cxd4 Kd7 37. Bb4 Ke6 38. Ke2 Kd5 39. Kd3
Bf2 40. Bc5 h5 41. Kc3 Be1+ 42. Kd3 Ba5 43. Be7 Bb6 44. Bg5 Bxd4 45. Bxf4 Bb6
46. Bg5 c5 47. g4 c4+ 48. Kc2 hxg4 49. fxg4 Bd4 50. Bd2 Ke4 51. g5 Kf5 52. Ba5
c6 53. Bd8 Ke6 54. Bf6 c5 55. Bd8 Kf5 56. Bf6 Bxf6 57. gxf6 Kxf6 58. Kc3 Ke5
59. Kxc4 Kd6 60. Kc3 Kd5 1/2-1/2

[Event "SR 1. liga zapad 2010/2011"]
[Site "?"]
[Date "2011.04.09"]
[Round "10.3"]
[White "Veres, Andrej"]
[Black "Skreno, Vladimir"]
[Result "1/2-1/2"]
[WhiteElo "2168"]
[BlackElo "2160"]
[PlyCount "21"]
[EventDate "2010.??.??"]

1. d4 d5 2. c4 e6 3. Nc3 Nf6 4. Bg5 Be7 5. Nf3 O-O 6. e3 c6 7. Bd3 Nbd7 8. O-O
dxc4 9. Bxc4 b5 10. Bd3 Bb7 11. Rc1 1/2-1/2

[Event "SR 1. liga zapad 2010/2011"]
[Site "?"]
[Date "2011.04.09"]
[Round "10.3"]
[White "Zelovic, Marek"]
[Black "Pupak, Tomas"]
[Result "1-0"]
[WhiteElo "2032"]
[BlackElo "1998"]
[PlyCount "75"]
[EventDate "2010.??.??"]

1. d4 d5 2. c4 c6 3. Nc3 Nf6 4. Nf3 Qb6 5. e3 Bg4 6. Bd3 e6 7. O-O Nbd7 8. a3
Be7 9. b4 O-O 10. h3 Bh5 11. g4 Bg6 12. Ne5 Nxe5 13. dxe5 Ne4 14. Qc2 Nxc3 15.
Qxc3 Bxd3 16. Qxd3 dxc4 17. Qxc4 Rfd8 18. Bb2 c5 19. b5 a6 20. a4 axb5 21. axb5
Ra5 22. Rxa5 Qxa5 23. Bc3 Qc7 24. Ra1 b6 25. Kf1 Qb7 26. e4 h6 27. f4 Ra8 28.
Rd1 Ra3 29. f5 exf5 30. gxf5 Bh4 31. e6 fxe6 32. fxe6 Qe7 33. Rd7 Rxc3 34. Qxc3
Qg5 35. Rf7 Qg6 36. Qf3 Bf6 37. Qg4 Qxg4 38. hxg4 1-0

[Event "SR 1. liga zapad 2010/2011"]
[Site "?"]
[Date "2011.04.09"]
[Round "10.5"]
[White "Diviak, Rastislav"]
[Black "Hudec, Jan"]
[Result "1-0"]
[WhiteElo "2014"]
[BlackElo "2067"]
[PlyCount "43"]
[EventDate "2010.??.??"]

1. e4 c5 2. Nf3 e6 3. d4 cxd4 4. Nxd4 a6 5. Bd3 Nc6 6. Nb3 Qc7 7. Be3 Nf6 8.
O-O d5 9. Nc3 Bb4 10. exd5 exd5 11. Bg5 Ng4 12. g3 Bxc3 13. bxc3 Kf8 14. Re1
Bd7 15. Nd4 Nxd4 16. cxd4 Re8 17. Rxe8+ Kxe8 18. Qe2+ Be6 19. Bf5 h5 20. Bxe6
fxe6 21. Qxe6+ Kf8 22. Re1 1-0

[Event "SR 1. liga zapad 2010/2011"]
[Site "?"]
[Date "2011.04.09"]
[Round "10.5"]
[White "Hacik, Radomir"]
[Black "Gasa, Andrej"]
[Result "1/2-1/2"]
[WhiteElo "2176"]
[BlackElo "2256"]
[PlyCount "93"]
[EventDate "2010.??.??"]

1. e4 c5 2. Nf3 d6 3. d4 cxd4 4. Nxd4 Nf6 5. Nc3 a6 6. Bg5 e6 7. f4 Be7 8. Qf3
Qc7 9. O-O-O Nbd7 10. g4 b5 11. Bxf6 gxf6 12. Bd3 Bb7 13. f5 e5 14. Nb3 Nb6 15.
Rhg1 O-O-O 16. g5 d5 17. Nxd5 Nxd5 18. exd5 Bxd5 19. Be4 Bxe4 20. Qxe4 Kb8 21.
h4 Rxd1+ 22. Rxd1 fxg5 23. f6 Bxf6 24. Qf5 Rc8 25. c3 Qb6 26. hxg5 Qe3+ 27. Kb1
Qxg5 28. Qxh7 Qg6+ 29. Qxg6 fxg6 30. Rd6 Bd8 31. Rxg6 a5 32. Re6 a4 33. Nc1 Bc7
34. Nd3 Ka7 35. Nxe5 Bxe5 36. Rxe5 Kb6 37. Kc2 Rh8 38. Rd5 Kc6 39. c4 bxc4 40.
Ra5 Kb6 41. Rxa4 Kb5 42. Ra7 Rh2+ 43. Kc3 Rh3+ 44. Kd4 Rd3+ 45. Ke4 Rd2 46. Ra8
Kc5 47. Rb8 1/2-1/2

[Event "SR 1. liga zapad 2010/2011"]
[Site "?"]
[Date "2011.04.09"]
[Round "10.5"]
[White "Jozefek, Michal"]
[Black "Sturc, Jan"]
[Result "1-0"]
[WhiteElo "1875"]
[BlackElo "1988"]
[PlyCount "91"]
[EventDate "2010.??.??"]

1. d4 d5 2. c4 e6 3. Nc3 Nf6 4. cxd5 exd5 5. Bg5 Nbd7 6. e3 c6 7. Bd3 Qa5 8.
Qc2 Bb4 9. Nge2 c5 10. O-O c4 11. Bf5 h6 12. Bh4 O-O 13. f3 Re8 14. e4 g5 15.
Bf2 Nf8 16. Ng3 Be6 17. e5 N6d7 18. f4 gxf4 19. Nh5 Be7 20. Nxf4 Bg5 21. Nh5
Qb6 22. h4 Be7 23. Nf4 Bxh4 24. Bxh4 Qxd4+ 25. Kh1 Qxe5 26. Bxe6 fxe6 27. Rae1
Qd4 28. Rf3 Kh8 29. Nb5 Qg7 30. Nc7 Ne5 31. Nxe8 Rxe8 32. Qc3 d4 33. Qxd4 Nxf3
34. Qxg7+ Kxg7 35. gxf3 Kf7 36. Kg2 Nd7 37. Rd1 Nc5 38. Bf2 e5 39. Bxc5 exf4
40. Kf2 b6 41. Bb4 a5 42. Bc3 b5 43. Rd4 Rc8 44. Rxf4+ Kg6 45. a3 Ra8 46. Rf6+
1-0

[Event "SR 1. liga zapad 2010/2011"]
[Site "?"]
[Date "2011.04.09"]
[Round "10.5"]
[White "Pagerka, Martin"]
[Black "Travenec, Igor"]
[Result "1-0"]
[WhiteElo "2260"]
[BlackElo "2233"]
[PlyCount "79"]
[EventDate "2010.??.??"]

1. e4 e6 2. d4 d5 3. Nc3 Bb4 4. e5 c5 5. a3 Bxc3+ 6. bxc3 Qc7 7. Nf3 Ne7 8. Bd3
b6 9. O-O Ba6 10. Bxa6 Nxa6 11. Qe2 Nb8 12. a4 O-O 13. Ba3 Rc8 14. Rfb1 Nd7 15.
a5 Ng6 16. Qa6 Qc6 17. Ne1 Nb8 18. Qe2 Nd7 19. g3 cxd4 20. cxd4 Qc4 21. Qd2 Qc3
22. Qxc3 Rxc3 23. Bb4 Rcc8 24. c3 f6 25. f4 Kf7 26. Ra3 Ne7 27. Rba1 b5 28. Nd3
a6 29. g4 g6 30. exf6 Kxf6 31. Ne5 Nxe5 32. fxe5+ Kf7 33. Rf1+ Ke8 34. Rf6 Rc6
35. Ra2 h5 36. Raf2 Rd8 37. Rf7 Rc7 38. Bd6 Ra7 39. Rf8+ Kd7 40. Bxe7 1-0

[Event "SR 1. liga zapad 2010/2011"]
[Site "?"]
[Date "2011.04.09"]
[Round "10.5"]
[White "Polasek, Filip"]
[Black "Sulek, Viliam"]
[Result "1/2-1/2"]
[WhiteElo "2104"]
[BlackElo "2144"]
[PlyCount "35"]
[EventDate "2010.??.??"]

1. e4 c5 2. Nf3 Nc6 3. d4 cxd4 4. Nxd4 Nf6 5. Nc3 d6 6. Be3 e5 7. Nb3 Be6 8. f3
Be7 9. Qd2 d5 10. exd5 Nxd5 11. Nxd5 Qxd5 12. Qxd5 Bxd5 13. O-O-O O-O-O 14. Bb5
Kb8 15. c4 Be6 16. Nc5 Bxc5 17. Bxc5 Nd4 18. Bxd4 1/2-1/2

[Event "SR 1. liga zapad 2010/2011"]
[Site "?"]
[Date "2011.04.09"]
[Round "10.5"]
[White "Ruckschloss, Karol"]
[Black "Meszaros, Michal"]
[Result "0-1"]
[WhiteElo "2271"]
[BlackElo "2409"]
[PlyCount "40"]
[EventDate "2010.??.??"]

1. c4 Nf6 2. d4 g6 3. Nc3 Bg7 4. e4 d6 5. Be2 O-O 6. h4 c5 7. d5 e6 8. h5 exd5
9. exd5 Nbd7 10. g4 Qe7 11. Kf1 Ne5 12. f3 Ne8 13. Nh3 gxh5 14. gxh5 Nxc4 15.
h6 Bxc3 16. Bxc4 Qh4 17. Kg2 Kh8 18. bxc3 Bxh3+ 19. Rxh3 Rg8+ 20. Kh2 Qf2+ 0-1

[Event "SR 1. liga zapad 2010/2011"]
[Site "?"]
[Date "2011.04.09"]
[Round "10.5"]
[White "Slapak, Zdenek"]
[Black "Hecko, Dusan"]
[Result "1-0"]
[WhiteElo "2133"]
[BlackElo "2114"]
[Annotator "Fritz 12 (20s)"]
[PlyCount "89"]
[EventDate "2010.??.??"]

{A54: Old Indian Defence with Nf3, but without e4} 1. c4 e5 2. Nc3 Nf6 3. Nf3
d6 4. d4 Nbd7 5. Bg5 Be7 6. e3 O-O 7. Bd3 c6 8. O-O Re8 9. Qc2 Qc7 10. Rad1 {N}
Nf8 11. h3 Bd7 {N} (11... Be6 12. Bh4 Nh5 13. Bxe7 Rxe7 14. d5 $16) 12. Bh4 Nh5
13. dxe5 Bxh4 14. Nxh4 (14. exd6 Qd8 15. g4 g6 16. gxh5 Bxh3 $14) 14... dxe5
$16 15. Ne4 f5 16. Nc5 g6 17. Nxd7 Nxd7 $14 18. c5 Ndf6 $2 (18... Nhf6 19. g4
Kh8 20. gxf5 $11) 19. Bc4+ Kh8 $14 20. Nf3 h6 $4 (20... Qe7 $142 $14) 21. Rd6
Rad8 22. Rfd1 Rxd6 23. Rxd6 Qg7 24. Nh4 e4 25. g4 $1 fxg4 26. hxg4 g5 $4 {
zufale, ale pozicia je uz stratena} (26... Nxg4 $142 27. Rxg6 Qd7 28. Qc3+ Kh7
$18) 27. Nf5 Qg6 28. Qc3 Rf8 29. Ne7 (29. Qe5 $142 {konci debatu} Re8 30. Ne7
Qg7 31. gxh5 Qxe7 $18) 29... Qg7 30. Nxc6 Nxg4 31. Qxg7+ Kxg7 32. Be2 Nhf6 33.
Nd4 Rc8 34. b4 a5 $2 (34... h5 $5 $18) 35. a3 h5 36. Rb6 axb4 37. axb4 h4 38.
Nf5+ Kf8 39. Rxb7 Ne5 40. Nd4 g4 41. Ne6+ Kg8 42. Rg7+ Kh8 43. Rg5 Nd3 44. b5
Ra8 45. c6 1-0

[Event "SR 1. liga zapad 2010/2011"]
[Site "?"]
[Date "2011.04.09"]
[Round "10.5"]
[White "Sturc, Gustav"]
[Black "Spacek, Oliver"]
[Result "1-0"]
[WhiteElo "2031"]
[BlackElo "1880"]
[PlyCount "93"]
[EventDate "2010.??.??"]

1. e4 c5 2. c3 d5 3. exd5 Qxd5 4. d4 Nf6 5. Nf3 e6 6. Na3 a6 7. Nc4 Nbd7 8. a4
Be7 9. Be2 O-O 10. O-O b6 11. Ng5 Bb7 12. Bf3 Qxc4 13. Bxb7 Ra7 14. Bf3 cxd4
15. Qxd4 Qxd4 16. cxd4 h6 17. Ne4 Nxe4 18. Bxe4 Nf6 19. Bf3 Rd7 20. Be3 Rc8 21.
Rac1 Rxc1 22. Rxc1 Nd5 23. Rc8+ Bd8 24. Be2 a5 25. Bb5 Rd6 26. Kf1 Kh7 27. Ke2
Bf6 28. Rf8 Be7 29. Rxf7 Kg8 30. Rf3 Bf6 31. Bc4 Nb4 32. Bxh6 Nc6 33. Be3 Bxd4
34. b3 g6 35. Rf4 Kg7 36. Re4 e5 37. f4 Kf6 38. Bb5 Ne7 39. fxe5+ Bxe5 40. h4
Nd5 41. Bg5+ Kf5 42. Kf3 Ke6 43. Bc4 Rc6 44. Bf4 Rxc4 45. Rxe5+ Kf6 46. bxc4
Nxf4 47. Kxf4 1-0

[Event "SR 1. liga zapad 2010/2011"]
[Site "?"]
[Date "2011.04.09"]
[Round "10.6"]
[White "Castiglione, Mario"]
[Black "Petrik, Tomas"]
[Result "0-1"]
[WhiteElo "2288"]
[BlackElo "2536"]
[PlyCount "100"]
[EventDate "2010.??.??"]

1. Nf3 Nf6 2. b3 b6 3. Bb2 e6 4. d3 Bb7 5. e4 d6 6. g3 c5 7. Bg2 Be7 8. O-O O-O
9. Nbd2 Nbd7 10. Qe2 Qc7 11. c4 a6 12. Ne1 b5 13. f4 Kh8 14. g4 Ng8 15. g5 f6
16. Nef3 d5 17. cxd5 exd5 18. gxf6 Bxf6 19. e5 Be7 20. e6 Ndf6 21. Ne5 Nh6 22.
Ndf3 Nh5 23. Ng5 Nxf4 24. Ngf7+ Nxf7 25. Rxf4 Ng5 26. Raf1 Rxf4 27. Rxf4 d4 28.
Bc1 Bf6 29. Rf5 Nxe6 30. Ng4 Bxg2 31. Qxe6 Bh3 32. Nh6 Bxf5 33. Nf7+ Kg8 34.
Nh6+ Kh8 35. Nf7+ Qxf7 36. Qxf7 Bxd3 37. Qd5 Rc8 38. Qb7 Re8 39. Qxa6 h6 40.
Bxh6 Re1+ 41. Kg2 Be4+ 42. Kg3 Rg1+ 43. Kf4 Bd3 44. Qc8+ Kh7 45. Qh3 Rf1+ 46.
Kg3 gxh6 47. Kg2 c4 48. Qd7+ Bg7 49. Qxb5 Rf5 50. Qa6 Be4+ 0-1

[Event "SR 1. liga zapad 2010/2011"]
[Site "?"]
[Date "2011.04.09"]
[Round "10.6"]
[White "Djubek, Boris"]
[Black "Arendas, Marek"]
[Result "1-0"]
[WhiteElo "2175"]
[BlackElo "2089"]
[PlyCount "53"]
[EventDate "2010.??.??"]

1. d4 d5 2. c4 c6 3. Nc3 Nf6 4. Nf3 e6 5. e3 Nbd7 6. Bd3 Be7 7. O-O O-O 8. e4
dxe4 9. Nxe4 Nxe4 10. Bxe4 Nf6 11. Bc2 c5 12. Be3 Qc7 13. Qe2 b6 14. h3 Bb7 15.
b3 Rfd8 16. Rfd1 Be4 17. dxc5 Rxd1+ 18. Rxd1 Bxc5 19. Bxc5 Bxc2 20. Qxc2 Qxc5
21. Qd3 Kf8 22. Nh2 h5 23. Nf3 Ke7 24. Ne1 Rc8 25. Nf3 a5 26. Nd2 Rc7 27. Ne4
1-0

[Event "SR 1. liga zapad 2010/2011"]
[Site "?"]
[Date "2011.04.09"]
[Round "10.6"]
[White "Doucha, Ludvik"]
[Black "Valent, Ivan"]
[Result "1-0"]
[WhiteElo "2099"]
[BlackElo "2235"]
[PlyCount "47"]
[EventDate "2010.??.??"]

1. e4 c5 2. c4 Nc6 3. Ne2 g6 4. d4 cxd4 5. Nxd4 Bg7 6. Be3 Nf6 7. Nc3 d6 8. Be2
O-O 9. O-O a6 10. Rc1 Bd7 11. Qd2 Nxd4 12. Bxd4 Bc6 13. f3 Qa5 14. Be3 Rfe8 15.
Rb1 Rec8 16. Rfc1 Qd8 17. b4 e6 18. a4 b6 19. Bf4 d5 20. cxd5 exd5 21. exd5
Bxd5 22. Nxd5 Nxd5 23. Rxc8 Rxc8 24. Rd1 1-0

[Event "SR 1. liga zapad 2010/2011"]
[Site "?"]
[Date "2011.04.09"]
[Round "10.6"]
[White "Janos, Ivan"]
[Black "Miklas, Marian"]
[Result "0-1"]
[WhiteElo "2152"]
[BlackElo "2139"]
[PlyCount "96"]
[EventDate "2010.??.??"]

1. e4 c5 2. Nf3 d6 3. d4 cxd4 4. Nxd4 Nf6 5. Nc3 a6 6. Bg5 e6 7. f4 Qb6 8. Qd2
Qxb2 9. Rb1 Qa3 10. e5 h6 11. Bh4 dxe5 12. fxe5 Nfd7 13. Ne4 Qxa2 14. Rd1 Qd5
15. Qe3 Qxe5 16. Be2 Bc5 17. O-O O-O 18. Bg3 Bxd4 19. Rxd4 Qa5 20. Bd6 Nc6 21.
Rdd1 Re8 22. c4 Ne7 23. Qf4 Qf5 24. Qe3 Qa5 25. Ra1 Qd8 26. g4 f5 27. Ng3 Nf6
28. Rfd1 Ned5 29. Qa3 f4 30. Bxf4 Qb6+ 31. c5 Qc6 32. Bf3 e5 33. g5 hxg5 34.
Bxg5 e4 35. Bg2 Bg4 36. Rd4 Bf3 37. Bxf3 exf3 38. Qxf3 Qxc5 39. Rad1 Nc3 40.
R1d3 Qxg5 41. Rxc3 Rac8 42. Rcd3 Qc1+ 43. Rd1 Re1+ 44. Rxe1 Qxe1+ 45. Kg2 Rc2+
46. Kh3 Qe6+ 47. Nf5 Rc5 48. Rd8+ Kh7 0-1

[Event "SR 1. liga zapad 2010/2011"]
[Site "?"]
[Date "2011.04.09"]
[Round "10.6"]
[White "Lanc, Alois"]
[Black "Turna, Stefan"]
[Result "1/2-1/2"]
[WhiteElo "2399"]
[BlackElo "2245"]
[PlyCount "28"]
[EventDate "2010.??.??"]

1. e4 c5 2. Nf3 d6 3. d4 cxd4 4. Nxd4 Nf6 5. Nc3 a6 6. Bc4 e6 7. a4 Nc6 8. Be3
Be7 9. Bb3 O-O 10. f4 Bd7 11. O-O Rc8 12. Qf3 Na5 13. f5 e5 14. Nde2 Nc4
1/2-1/2

[Event "SR 1. liga zapad 2010/2011"]
[Site "?"]
[Date "2011.04.09"]
[Round "10.6"]
[White "Nicolini, Alexander"]
[Black "Sosovicka, Juraj"]
[Result "0-1"]
[WhiteElo "2152"]
[BlackElo "2159"]
[PlyCount "118"]
[EventDate "2010.??.??"]

1. e4 e5 2. Nf3 Nc6 3. d4 exd4 4. Nxd4 Bc5 5. Be3 Qf6 6. c3 Nge7 7. Bc4 Ne5 8.
Be2 Qg6 9. O-O d6 10. f3 d5 11. Nd2 O-O 12. Bf4 N5c6 13. N2b3 Bb6 14. e5 Qf5
15. Bg3 Nxe5 16. Kh1 Qf6 17. a4 Nc4 18. Bxc4 dxc4 19. a5 cxb3 20. axb6 Qxb6 21.
Ra3 Be6 22. Nxe6 fxe6 23. Qxb3 Nf5 24. Re1 Nxg3+ 25. hxg3 Rfe8 26. Qxb6 cxb6
27. Ra4 Re7 28. Rd4 b5 29. Re5 a6 30. Kg1 Rc8 31. Kf2 g6 32. g4 h6 33. g5 h5
34. Ke3 Kg7 35. Ke4 Kf7 36. Kd3 Rcc7 37. Rf4+ Kg7 38. Rf6 Rcd7+ 39. Ke4 Rd2 40.
Rexe6 Rxe6+ 41. Rxe6 Rxg2 42. Re7+ Kf8 43. Rxb7 Rxg5 44. Ra7 h4 45. Rxa6 h3 46.
Ra1 h2 47. Rh1 Rg2 48. b4 Ke7 49. Ke5 Re2+ 50. Kf4 Ke6 51. Kg3 Kd5 52. Rxh2
Rxh2 53. Kxh2 Kc4 54. Kg3 Kxc3 55. Kg4 Kxb4 56. Kg5 Kc5 57. Kxg6 b4 58. f4 b3
59. f5 b2 0-1

[Event "SR 1. liga zapad 2010/2011"]
[Site "?"]
[Date "2011.04.09"]
[Round "10.6"]
[White "Peitl, Tomas"]
[Black "Drtina, Milan"]
[Result "0-1"]
[WhiteElo "2186"]
[BlackElo "2247"]
[PlyCount "82"]
[EventDate "2010.??.??"]

1. e4 e5 2. Nf3 Nc6 3. d4 exd4 4. Nxd4 Nxd4 5. Qxd4 d6 6. Bc4 Be6 7. Nc3 Ne7 8.
Be3 a6 9. Bxe6 fxe6 10. f4 Nc6 11. Qc4 Qd7 12. O-O g6 13. f5 exf5 14. exf5 gxf5
15. Nd5 O-O-O 16. b4 Bg7 17. c3 Kb8 18. a4 Ne5 19. Qb3 Ng4 20. b5 a5 21. Bd4
Be5 22. h3 h5 23. Qc4 Rdf8 24. hxg4 hxg4 25. Bxe5 dxe5 26. Kf2 g3+ 27. Ke1 Rh2
28. Ra2 f4 29. Qe4 Qd6 30. Re2 Qa3 31. Kd2 Rd8 32. Qc4 Qd6 33. Kd3 Qxd5+ 34.
Qxd5 Rxd5+ 35. Ke4 Rc5 36. Rc2 Rc4+ 37. Kxe5 Rh5+ 38. Ke6 Rhc5 39. Ra2 Re4+ 40.
Kf6 Rxc3 41. Kf5 Rcc4 0-1

[Event "SR 1. liga zapad 2010/2011"]
[Site "?"]
[Date "2011.04.09"]
[Round "10.6"]
[White "Puchart, Vladimir"]
[Black "Oprea, Erik"]
[Result "1-0"]
[WhiteElo "2064"]
[BlackElo "2137"]
[PlyCount "149"]
[EventDate "2010.??.??"]

1. d4 d6 2. c4 c6 3. e4 Nd7 4. Nc3 e5 5. Nf3 Be7 6. Be2 Qc7 7. O-O Nf8 8. Re1
f6 9. Be3 Ng6 10. Qd2 h5 11. Rad1 Nh6 12. h3 Nf7 13. Na4 b6 14. b4 Bd7 15. c5
dxc5 16. bxc5 b5 17. Nc3 exd4 18. Nxd4 Rd8 19. Qb2 Nf4 20. Nf5 Bxf5 21. Rxd8+
Bxd8 22. exf5 O-O 23. Qd2 Nxe2+ 24. Nxe2 Qe5 25. Nd4 Bc7 26. f4 Qd5 27. Ne6
Qxd2 28. Bxd2 Rc8 29. Bc3 Nh6 30. Rd1 b4 31. Bxb4 h4 32. Rd7 Nxf5 33. Nxc7 Rb8
34. Na6 Re8 35. Rd1 Re2 36. Bd2 Ng3 37. Be1 Rxa2 38. Bxg3 hxg3 39. Nb4 Rb2 40.
Nxc6 Rc2 41. Nxa7 Rxc5 42. Rb1 Rf5 43. Nb5 Rxf4 44. Rb3 Rf5 45. Na3 Rg5 46. Nc4
Rc5 47. Nd2 Rc1+ 48. Nf1 Kh7 49. Rxg3 Kh6 50. Rd3 Kg5 51. Rd4 f5 52. Kf2 Kf6
53. h4 Kg6 54. Ne3 Rc6 55. Kf3 Kf6 56. Kf4 g6 57. Nc4 Rc8 58. Ne5 Ra8 59. Rd6+
Kg7 60. Rxg6+ Kh7 61. Kxf5 Ra2 62. g4 Rh2 63. Kg5 Ra2 64. Re6 Ra5 65. h5 Rb5
66. Kf6 Rb1 67. Re7+ Kg8 68. Ng6 Rf1+ 69. Ke5 Re1+ 70. Kf5 Ra1 71. h6 Rf1+ 72.
Nf4 Rf2 73. h7+ Kh8 74. Kg5 Re2 75. Ng6# 1-0

[Event "SR 1. liga zapad 2010/2011"]
[Site "?"]
[Date "2011.04.10"]
[Round "11.1"]
[White "Bednar, Jan"]
[Black "Novotny, Michal"]
[Result "1-0"]
[WhiteElo "2104"]
[BlackElo "2009"]
[PlyCount "103"]
[EventDate "2010.??.??"]

1. d4 Nf6 2. c4 c6 3. Nf3 d5 4. Nc3 e6 5. Bg5 Nbd7 6. e3 Qb6 7. Qc2 Bb4 8. Bd3
Bxc3+ 9. bxc3 h6 10. Bf4 O-O 11. O-O Re8 12. a4 dxc4 13. Bxc4 Nd5 14. a5 Qd8
15. Bg3 b5 16. axb6 N5xb6 17. Bd3 Bb7 18. Ra5 c5 19. Rfa1 cxd4 20. Nxd4 e5 21.
Nb5 Nc8 22. Bh7+ Kh8 23. Bf5 a6 24. h3 Ndb6 25. Na3 Nd5 26. Nc4 f6 27. Be4 Nce7
28. Nd2 Qc7 29. Qb3 Rab8 30. c4 Nb4 31. R5a4 Bxe4 32. Nxe4 a5 33. c5 Nf5 34.
Qc4 Nxg3 35. fxg3 Nc6 36. Nd6 Re7 37. Rf1 Rb2 38. Qh4 Re6 39. Rg4 Nd8 40. Nf5
Qc6 41. e4 Qxc5+ 42. Kh1 Rb7 43. Rg6 Reb6 44. Nxh6 Kh7 45. Qh5 Qf8 46. Ng4+ Kg8
47. Nxf6+ Rxf6 48. Rfxf6 Qc5 49. Rf1 a4 50. Qe2 a3 51. Ra6 Rb2 52. Qf3 1-0

[Event "SR 1. liga zapad 2010/2011"]
[Site "?"]
[Date "2011.04.10"]
[Round "11.1"]
[White "Cibulka, Vladimir"]
[Black "Rohacek, Miroslav"]
[Result "1/2-1/2"]
[WhiteElo "2252"]
[BlackElo "2277"]
[PlyCount "102"]
[EventDate "2010.??.??"]

1. e4 c5 2. f4 d5 3. d3 Nc6 4. Nf3 d4 5. Be2 Nf6 6. O-O g6 7. Nbd2 Bg7 8. Nc4
O-O 9. Nce5 Nb8 10. c3 dxc3 11. bxc3 b6 12. Be3 Bb7 13. Qb3 Nc6 14. Nxc6 Bxc6
15. Ne5 Be8 16. Bf3 Rc8 17. d4 Nd7 18. Nxd7 Qxd7 19. e5 c4 20. Qb4 e6 21. a4
Qc7 22. a5 b5 23. Rfd1 a6 24. d5 exd5 25. Bxd5 Bc6 26. Bb6 Qb7 27. Qd6 Rfe8 28.
Ra2 Bf8 29. Bxc6 Rxc6 30. Qd5 Qc8 31. Rc2 Qf5 32. Qxc6 Qxc2 33. Rf1 Re6 34. Qf3
Kg7 35. f5 gxf5 36. Bd4 Kg8 37. Qa8 Qe4 38. Qd8 Rg6 39. g3 Qd3 40. Qd7 Re6 41.
Qc8 Kg7 42. Rf4 Be7 43. g4 Qd1+ 44. Kg2 Bg5 45. gxf5 Bxf4 46. f6+ Kg6 47. Qg8+
Kf5 48. Qxh7+ Kg4 49. h3+ Kg5 50. Qg7+ Kf5 51. Qh7+ Kg5 1/2-1/2